ইতিহাস-অনুসন্ধান- ৫ / (Record no. 77659)
[ view plain ]
| 000 -LEADER | |
|---|---|
| fixed length control field | 00843nam a22002532 4500 |
| 001 - CONTROL NUMBER | |
| control field | 77659 |
| 003 - CONTROL NUMBER IDENTIFIER | |
| rucl marc code | BD-RjUL |
| 005 - DATE AND TIME OF LATEST TRANSACTION | |
| control field | 20211209083016.0 |
| 008 - FIXED-LENGTH DATA ELEMENTS--GENERAL INFORMATION | |
| fixed length control field | 201221s1990 ii b 000 0 ben d |
| 035 ## - SYSTEM CONTROL NUMBER | |
| System control number | (BD-RjUL) |
| 040 ## - CATALOGING SOURCE | |
| Original cataloging agency | GZN |
| Transcribing agency | GZN |
| Modifying agency | EQO |
| Language of cataloging | eng |
| 041 ## - LANGUAGE CODE | |
| Language code of text/sound track or separate title | eng |
| 082 ## - DEWEY DECIMAL CLASSIFICATION NUMBER | |
| Edition number | 23 |
| Classification number | 954 |
| Author mark and year | SHA 1959 |
| 090 ## - LOCALLY ASSIGNED LC-TYPE CALL NUMBER (OCLC); LOCAL CALL NUMBER (OCLC) | |
| Local cutter number (OCLC) ; Book number/undivided call number, CALL (RLIN) | M6x |
| 100 ## - MAIN ENTRY--PERSONAL NAME | |
| Personal name | চট্টপাধ্যায়, গৌতম |
| 9 (RLIN) | 243044 |
| 245 10 - TITLE STATEMENT | |
| Title | ইতিহাস-অনুসন্ধান- ৫ / |
| Statement of responsibility, etc. | গৌতম চট্টপাধ্যায়, |
| 260 ## - PUBLICATION, DISTRIBUTION, ETC. (IMPRINT) | |
| Place of publication, distribution, etc. | কলকাতা : |
| Name of publisher, distributor, etc. | কে.পি. বাগচি, |
| Date of publication, distribution, etc. | ১৯৯০ |
| 300 ## - PHYSICAL DESCRIPTION | |
| Pagination | ৫৬২ পৃ ; |
| Size | ২৩ সেমি |
| 504 ## - BIBLIOGRAPHY, ETC. NOTE | |
| Bibliography, etc | Includes bibliographical references. |
| 650 ## - SUBJECT ADDED ENTRY--TOPICAL TERM | |
| Topical term or geographic name as entry element | ইতিহাস |
| 9 (RLIN) | 243045 |
| Topical term or geographic name as entry element | History |
| 9 (RLIN) | 243046 |
| 700 ## - ADDED ENTRY--PERSONAL NAME | |
| Personal name | Wilson, Dover John |
| 942 ## - ADDED ENTRY ELEMENTS (KOHA) | |
| Source of classification or shelving scheme | Dewey Decimal Classification |
| Koha item type | Books |
| Lost status | Source of classification or shelving scheme | Damaged status | Not for loan | Collection code | Permanent Location | Current Location | Shelving location | Date acquired | Cost, normal purchase price | Total Checkouts | Full call number | Date last seen | Copy number | Koha item type |
|---|---|---|---|---|---|---|---|---|---|---|---|---|---|---|
| Dewey Decimal Classification | Non-fiction | Central Library, University of Rajshahi | Central Library, University of Rajshahi | 04/02/1997 | 150.00 | B 954.9 SHA 1959 | 29/12/2020 | C-2 | Books |